|
|
|
|
| LEADER |
00000nas a2200000 a 4500 |
| 001 |
vtls001476176 |
| 003 |
SK-MaSNL |
| 005 |
20260425194101.0 |
| 008 |
080922c19699999xo ar 0 0b0slo |
| 015 |
|
|
|a SNBB2008/03-01381 (r. 2002)
|a SNBB2008/03-01382 (r. 2003)
|a SNBB2008/03-01383 (r. 2004)
|a SNBB2008/03-01384 (r. 2007)
|
| 035 |
|
|
|a SNK000431477
|
| 040 |
|
|
|a SNK
|b slo
|c SNK
|d SVKBB
|e AACR2
|
| 041 |
0 |
|
|a slo
|
| 043 |
|
|
|a e-xo---
|
| 044 |
|
|
|a xo
|c SK
|
| 072 |
|
7 |
|a 027
|x Univerzálne knižnice. Verejné knižnice
|2 konspekt
|
| 080 |
|
|
|a (047.1)
|2 2001
|
| 080 |
|
|
|a (437.6)
|2 2001
|
| 080 |
|
|
|a 021
|2 2001
|
| 080 |
|
|
|a 027.021
|2 2001
|
| 110 |
2 |
|
|a Štátna vedecká knižnica v Banskej Bystrici
|9 224469
|
| 245 |
1 |
0 |
|a Správa o činnosti v roku ...
|c Štátna vedecká knižnica v Banskej Bystrici
|
| 246 |
3 |
3 |
|a Správa o činnosti Štátnej vedeckej knižnice Banská Bystrica za rok ...
|f 1991-
|
| 246 |
3 |
3 |
|a Správa o činnosti Štátnej vedeckej knižnice v Banskej Bystrici za rok ...
|
| 246 |
3 |
3 |
|a Správa o činnosti za rok ...
|c Štátna vedecká knižnica Banská Bystrica
|
| 246 |
3 |
3 |
|a Správa o činnosti a hospodárení za rok ...
|c Štátna vedecká knižnica Banská Bystrica
|f 2015-
|
| 246 |
3 |
4 |
|a Správa o činnosti ŠVK ...
|c Štátna vedecká knižnica Banská Bystrica
|f 1985-1990
|
| 260 |
|
|
|a Banská Bystrica
|b Štátna vedecká knižnica
|c 1970-
|
| 300 |
|
|
|a zv.
|b fotogr., tab.
|c 21-30 cm
|
| 310 |
|
|
|a 1x ročne
|
| 362 |
0 |
|
|a 1969 ; 1975-2008 ; 2015-
|
| 500 |
|
|
|a Súčasťou názvu je označenie bežného roku
|
| 500 |
|
|
|a Názov z obalu
|
| 500 |
|
|
|a Popis podľa: r. 1969
|
| 500 |
|
|
|a Zostavili: R. 2002, Lýdia Žáčiková, Marianna Bárdiová; r. 2003-2004, Lýdia Žáčiková, Marianna Bárdiová, Eva Koreňová; r. 2007, Lýdia Žáčiková
|
| 500 |
|
|
|a R. 2007 má výšku formátu 30 cm
|
| 610 |
2 |
7 |
|a Štátna vedecká knižnica v Banskej Bystrici
|2 SNKKA
|9 224469
|
| 650 |
0 |
7 |
|a vedecké knižnice
|2 SNKPH
|9 49795
|
| 650 |
0 |
7 |
|a činnosť knižníc
|2 SNKPH
|9 66620
|
| 651 |
|
7 |
|a Slovensko
|2 SNKPHgeo
|9 14231
|
| 655 |
|
7 |
|a výročné správy
|2 SNKPH
|9 70580
|
| 700 |
1 |
|
|a Žáčiková, Lýdia,
|d 1950-
|4 com
|9 123225
|
| 700 |
1 |
|
|a Bárdiová, Marianna,
|d 1951-
|4 com
|9 103413
|
| 700 |
1 |
|
|a Koreňová, Eva
|4 com
|9 267298
|
| 785 |
0 |
0 |
|t Výročná správa o činnosti knižnice v roku ...
|w vtls010587567
|
| 910 |
|
|
|a snk
|
| 999 |
|
|
|c 3576
|d 5506
|
| 952 |
|
|
|a SNK
|b SNK
|y PREZ
|7 0
|p 17A0534157
|o snkČSB 2536/2003
|i snk2007/4773
|8 0
|0 0
|1 0
|4 0
|d 2007-02-21
|l 0
|r 2026-02-21 20:19:44
|w 2026-02-21
|
| 952 |
|
|
|a SNK
|b SNK
|y PREZ
|7 0
|p 17A0534158
|o snkČSB 2536/2004
|i snk2007/4774
|8 0
|0 0
|1 0
|4 0
|d 2007-02-21
|l 0
|r 2026-02-21 20:19:44
|w 2026-02-21
|
| 952 |
|
|
|a SNK
|b SNK
|y PREZ
|7 0
|p 17A0534159
|o snkČSB 2536/2004 D1
|i snk2007/4775
|8 0
|0 0
|1 0
|4 0
|d 2007-02-21
|l 0
|r 2026-02-21 20:19:44
|w 2026-02-21
|
| 952 |
|
|
|a SNK
|b SNK
|y PREZ
|7 0
|p 17A0582576
|o snkČSB 2536/2007
|i snk2008/15255
|8 0
|0 0
|1 0
|4 0
|d 2008-08-11
|l 0
|r 2026-02-21 20:28:46
|w 2026-02-21
|
| 952 |
|
|
|a SNK
|b SNK
|y PREZ
|7 0
|p 17A0582577
|o snkČSB 2536/2007 D1
|i snk2008/15256
|8 0
|0 0
|1 0
|4 0
|d 2008-08-11
|l 0
|r 2026-02-21 20:28:46
|w 2026-02-21
|
| 952 |
|
|
|a SNK
|b SNK
|y PREZ
|7 0
|p 17A0431237
|o snkČSB 2536/2002
|i snkPV 893/2004
|0 0
|1 0
|4 0
|d 2004-06-07
|l 0
|r 2005-01-02 00:00:00
|w 2026-02-21
|
| 952 |
|
|
|a SNK
|b SNK
|y PREZ
|7 0
|p 17A0431238
|o snkČSB 2536/2002 D1
|i snkPV 894/2004
|0 0
|1 0
|4 0
|d 2004-06-07
|l 0
|r 2005-01-02 00:00:00
|w 2026-02-21
|